000 00727nam a2200229Ia 4500
005 20241216011003.0
008 190212s9999||||xx |||||||||||||| ||und||
020 _a84-87330-38-X
082 _a613.711
_bG71
100 _aGONZALES BADILLO, JUAN JOSE Y OTROS Y OTROS
245 0 _aFUNDAMENTOS DEL ENTRENAMIENTO DE LA FUERZA
_bAPLICACION AL ALTO RENDIMIENTO DEPORTIVO
250 _a2
260 _aBARCELONA-ESPAÑA
_bINDE PUBLICACIONES
_c1997
300 _a321 pag
_c24 cm
341 _h135
490 _v0
_a0
505 _aFUNDAMENTOS BIOLOGICOS-FUERZA/ENTRENAMIENTO-METODOLOGIA
541 _aC
_bSAN CRISTOBAL S.A.
_d22-Jun-98
_oSoles
650 _aCIENCIAS APLICADAS
856 _zCiencias Aplicadas
942 _cLIBRO
999 _c29544
_d29544